书目信息 |
| 题名: |
电机拖动与控制
|
|
| 作者: | 张晓娟 , 李俊涛 主编 | |
| 分册: | ||
| 出版信息: | 北京 北京理工大学出版社 2016.02 |
|
| 页数: | 233页 | |
| 开本: | 26cm | |
| 丛书名: | 高职高专院校规划教材 | |
| 单 册: | ||
| 中图分类: | TM921 , TM301.2 | |
| 科图分类: | ||
| 主题词: | 电力传动--dian li chuan dong--职业大学--教材 , 电机--dian ji--控制系统--职业大学--教材 | |
| 电子资源: | ||
| ISBN: | 978-7-5682-1906-8 | |
| 000 | 01086nam 2200277 450 | |
| 001 | 2367093187 | |
| 005 | 20231125183825.34 | |
| 010 | @a978-7-5682-1906-8@dCNY43.00 | |
| 100 | @a20220801d2016 em y0chiy50 ea | |
| 101 | 0 | @achi |
| 102 | @aCN@b110000 | |
| 105 | @aak z 000yy | |
| 200 | 1 | @a电机拖动与控制@Adian ji tuo dong yu kong zhi@f主编张晓娟, 李俊涛 |
| 210 | @a北京@c北京理工大学出版社@d2016.02 | |
| 215 | @a233页@c图@d26cm | |
| 225 | 2 | @a高职高专院校规划教材@Agao zhi gao zhuan yuan xiao gui hua jiao cai@i精品与示范系列 |
| 330 | @a本书主要内容包括: 常用的低压电器 ; 基本电气控制线路 ; 直流电动机及其控制线路 ; 三相异步电动机及其控制线路 ; 特殊电动机及其控制线路 ; 典型机床控制线路与故障检修、变压器。 | |
| 410 | 0 | @12001 @a高职高专院校规划教材@i精品与示范系列 |
| 606 | 0 | @a电力传动@Adian li chuan dong@x职业大学@j教材 |
| 606 | 0 | @a电机@Adian ji@x控制系统@x职业大学@j教材 |
| 690 | @aTM921@v5 | |
| 690 | @aTM301.2@v5 | |
| 701 | 0 | @a张晓娟@Azhang xiao juan@4主编 |
| 701 | 0 | @a李俊涛@Ali jun tao@4主编 |
| 801 | 0 | @aCN@b人天书店@c20220801 |
| 905 | @aBZT@dTM921@e3 | |
| 电机拖动与控制/主编张晓娟, 李俊涛.-北京:北京理工大学出版社,2016.02 |
| 233页:图;26cm.-(高职高专院校规划教材.精品与示范系列) |
| ISBN 978-7-5682-1906-8:CNY43.00 |
| 本书主要内容包括: 常用的低压电器 ; 基本电气控制线路 ; 直流电动机及其控制线路 ; 三相异步电动机及其控制线路 ; 特殊电动机及其控制线路 ; 典型机床控制线路与故障检修、变压器。 |
| ● |
| 相关链接 |
|
|
|
正题名:电机拖动与控制
索取号:TM921/3
 
预约/预借
| 序号 | 登录号 | 条形码 | 馆藏地/架位号 | 状态 | 备注 |
| 1 | 2001092143 | 2001092143 | 东辅楼二楼书库/ [索取号:TM921/3] | 在馆 | |
| 2 | 2001092144 | 2001092144 | 东辅楼二楼书库/ [索取号:TM921/3] | 在馆 | |
| 3 | 2001092145 | 2001092145 | 东辅楼二楼书库/ [索取号:TM921/3] | 在馆 | |
| 4 | 2001092146 | 2001092146 | 东辅楼二楼书库/ [索取号:TM921/3] | 在馆 | |
| 5 | 2001092147 | 2001092147 | 东辅楼二楼书库/ [索取号:TM921/3] | 在馆 | |
| 6 | 2001092148 | 2001092148 | 东辅楼二楼书库/ [索取号:TM921/3] | 在馆 | |
| 7 | 2001092149 | 2001092149 | 东辅楼二楼书库/ [索取号:TM921/3] | 在馆 | |
| 8 | 2001092150 | 2001092150 | 东辅楼二楼书库/ [索取号:TM921/3] | 在馆 | |
| 9 | 2001092151 | 2001092151 | 东辅楼二楼书库/ [索取号:TM921/3] | 在馆 | |
| 10 | 2001092152 | 2001092152 | 东辅楼二楼书库/ [索取号:TM921/3] | 在馆 | |
| 11 | 2001092153 | 2001092153 | 东辅楼二楼书库/ [索取号:TM921/3] | 在馆 | |
| 12 | 2001092154 | 2001092154 | 东辅楼二楼书库/ [索取号:TM921/3] | 在馆 | |
| 13 | 2001092155 | 2001092155 | 东辅楼二楼书库/ [索取号:TM921/3] | 在馆 | |
| 14 | 2001092156 | 2001092156 | 东辅楼二楼书库/ [索取号:TM921/3] | 在馆 | |
| 15 | 2001092157 | 2001092157 | 东辅楼二楼书库/ [索取号:TM921/3] | 在馆 | |
| 16 | 2001092158 | 2001092158 | 东辅楼二楼书库/ [索取号:TM921/3] | 在馆 | |
| 17 | 2001092159 | 2001092159 | 东辅楼二楼书库/ [索取号:TM921/3] | 在馆 | |
| 18 | 2001092160 | 2001092160 | 东辅楼二楼书库/ [索取号:TM921/3] | 在馆 | |
| 19 | 2001092161 | 2001092161 | 东辅楼二楼书库/ [索取号:TM921/3] | 在馆 | |
| 20 | 2001092162 | 2001092162 | 东辅楼二楼书库/ [索取号:TM921/3] | 在馆 | |
| 21 | 2001092163 | 2001092163 | 东辅楼二楼书库/ [索取号:TM921/3] | 在馆 | |
| 22 | 2001092164 | 2001092164 | 东辅楼二楼书库/ [索取号:TM921/3] | 在馆 | |
| 23 | 2001092165 | 2001092165 | 东辅楼二楼书库/ [索取号:TM921/3] | 在馆 | |
| 24 | 2001092166 | 2001092166 | 东辅楼二楼书库/ [索取号:TM921/3] | 在馆 | |
| 25 | 2001092167 | 2001092167 | 东辅楼二楼书库/ [索取号:TM921/3] | 在馆 | |
| 26 | 2001092168 | 2001092168 | 东辅楼二楼书库/ [索取号:TM921/3] | 在馆 | |
| 27 | 2001092169 | 2001092169 | 东辅楼二楼书库/ [索取号:TM921/3] | 在馆 | |
| 28 | 2001092170 | 2001092170 | 东辅楼二楼书库/ [索取号:TM921/3] | 在馆 | |
| 29 | 2001092171 | 2001092171 | 东辅楼二楼书库/ [索取号:TM921/3] | 在馆 | |
| 30 | 2001092172 | 2001092172 | 东辅楼二楼书库/ [索取号:TM921/3] | 在馆 |